Radha Swami Mat Prakash (Record no. 5220)

MARC details
000 -LEADER
fixed length control field 00591nam a2200241 a 4500
020 ## - INTERNATIONAL STANDARD BOOK NUMBER
ISBN
082 00 - DEWEY DECIMAL CLASSIFICATION NUMBER
Classification number 294.51
Author Cutter KHA
100 ## - MAIN ENTRY--AUTHOR NAME
Author name Khaleefa, Hari Singh
245 ## - TITLE STATEMENT
Title Radha Swami Mat Prakash
260 ## - PUBLICATION, DISTRIBUTION, ETC. (IMPRINT)
Place of publication Lahore
Name of publisher Amrit Electric Press
Year of publication 1927
300 ## - PHYSICAL DESCRIPTION
Number of Pages 64p
500 ## - GENERAL NOTE
General note includes index and biblioraphy
505 2# - FORMATTED CONTENTS NOTE
Formatted contents note Notes
650 ## - SUBJECT ADDED ENTRY--TOPICAL TERM
Topical Term Hinduism-Apologetics work
942 ## - ADDED ENTRY ELEMENTS (KOHA)
Koha item type Books
700 1# -
-- Khaleefa, Hari Singh
Holdings
Collection code Home library Current library Date acquired Cost, normal purchase price Full call number Accession Number Koha item type
  Henry Martyn Institute Library Henry Martyn Institute Library 07/23/2007 100.00 294.51 KHA 08581 Books
                   Copyright © 2026 | Henry Martyn Institute | Hyderabad | TS-500052 | INDIA | Implemented by hmi.edu.in
Hit-Count:

Powered by Koha